000 00297nam a2200145Ia 4500
100 _aSadasivam/Sudha G
650 _aCompilers
942 _cBK
366 _f25
245 _aCompiler Design
260 _bSci tech
_c2010
082 _a5.453
_bSAD
546 _aENGLISH
_cComputers
999 _c18355
_d18355